000 00302nam a22001337a 4500
020 _a9789251059814
040 _cHS
082 _a572.420 2008
110 _aFAO
245 _aGuide to laboratory establishment for plant nutrient analysis
260 _aRome
_bFAO
_c2008
300 _a204p.
942 _cEK
999 _c8360
_d8360